00463 2200181 4500001002100000005001500021008004100036020001800077035001900095041000700114082001000121090001600131100001800147245002600165260003100191300001800222650004100240INLIS00000000001634720241224115116241224||||||||| | ||| |||| || |  a979-562-284-4 0010-1224016347 aid0 a633.6 a633.6 EDH b0 aEdhi Sutardjo00aBUDIDAYA TANAMAN TEBU aJakartabBumi Aksarac1996 a76hlm;15X21cm 0aPertanian & Teknologi Yang Berkaitan